| 000 | 00845nam a22002417a 4500 | ||
|---|---|---|---|
| 999 |
_c8769 _d8769 |
||
| 005 | 20180226161039.0 | ||
| 008 | 141108b ck |||||r||||a00| 0 spa d | ||
| 020 | _a9789589774939 | ||
| 040 |
_aCO-BoIAVH _cCO-BoIAVH |
||
| 041 | _aspa | ||
| 044 | _ack | ||
| 082 | 0 | 4 |
_a634.92 _bR69p |
| 100 | 1 |
_aRodriguez-Angarita, Tania Elena _928461 |
|
| 245 | 1 | 0 |
_aPlan Educativo Institucional del Jardín Botánico José Celestino Mutis _bTania Rodriguez ... [et al.] |
| 260 |
_aBogotá: _bJardín Botánico José Celestino Mutis, _c2005. |
||
| 300 |
_a95 p. _bil. _c28 cm. |
||
| 650 | 6 |
_aEducación ambiental _zColombia _989908 |
|
| 650 | 6 |
_aArborización _zColombia _989909 |
|
| 650 |
_aJardines Botánicos _xplanes institucionales _989910 |
||
| 700 | 1 |
_aMolano-Niño, Alba Carolina _928465 |
|
| 700 | 1 |
_aEspinoza, Marco Tulio _928466 |
|
| 942 |
_2ddc _cLIBRO |
||